000 02838nam a22002897a 4500
005 20100219141220.0
010 _aB-400423-430
020 _c200.00
_a9788126718191
035 _aB-400423-430
037 _bराजकमल प्रकाशन/ PUB
082 _a370
100 _aदेवी प्रसाद,
_922699
245 _aसृजनात्मक और शान्तिमय जीवन के लिए शिक्षा /
_cदेवी प्रसाद
260 _aनई दिल्ली
_bराजकमल प्रकाशन
_c2009
270 _a1-बी, नेताजी सुभाष मार्ग
_bनई दिल्ली
_e110002
300 _a136पृ
_c22सेमी (सजिल्द)
942 _2ddc
_cHN
_mदेवीप्र
_h370
999 _c34214
_d34214